Προστατευόμενες περιοχές και τοπική κοινωνία : η περίπτωση του εθνικού πάρκου υγροτόπων Κοτυχίου-δάσους Στροφυλιάς : διπλωματική εργασία [μεταπτυχιακή εργασία]

Saved in:
Bibliographic Details
Main Author: Καμπέρου, Παναγιώτα
Corporate Author: Πανεπιστήμιο Αιγαίου Σχολή Ανθρωπιστικών Επιστημών Τμήμα Επιστημών της Προσχολικής Αγωγής και του Εκπαιδευτικού Σχεδιασμού Πρόγραμμα Μεταπτυχιακών Σπουδών Περιβαλλοντική Εκπαίδευση
Other Authors: Ράγκου, Πολυξένη (Thesis advisor)
Format: Thesis Book
Language:Greek
Published: 2013
Subjects:
Online Access:http://hdl.handle.net/11610/15786
Tags: Add Tag
No Tags, Be the first to tag this record!

MARC

LEADER 00000cam a2200000 i 4500
001 1/41789
008 140210s2013 gre d
035 |l 10116631 
040 |a GR-MY-UA  |b gre  |e aacr 
041 0 |a gre 
082 0 |a 333.72  |2 (22) 
100 1 |a Καμπέρου, Παναγιώτα. 
245 1 0 |a Προστατευόμενες περιοχές και τοπική κοινωνία :  |b η περίπτωση του εθνικού πάρκου υγροτόπων Κοτυχίου-δάσους Στροφυλιάς : διπλωματική εργασία [μεταπτυχιακή εργασία] /  |c Παναγιώτα Καμπέρου ; επιβλέπουσα: Ράγκου Πολυξένη 
260 |c 2013 
300 |a 150 σ.;  |b φωτ.,πίν.;  |c 30 εκ. 
500 |a Μέλη εξεταστικής επιτροπής: Ανδρεαδάκης Νικόλαος, Δημητρίου Αναστασία 
502 |a Διατριβή (μεταπτυχιακή) – Πανεπιστήμιο Αιγαίου, Ρόδος, 2013. 
504 |a Βιβλιογραφία: σ. 131-133 
650 0 0 |a Protected areas. 
650 0 |a National parks and reserves  |z Greece  |z Achaia. 
650 0 0 |a Environmental protection  |x Social aspects. 
650 0 0 |a Environmental management. 
650 0 0 |a Dissertations, Academic  |z Greece. 
700 0 |a Ράγκου, Πολυξένη.  |4 ths 
710 2 |a Πανεπιστήμιο Αιγαίου  |b Σχολή Ανθρωπιστικών Επιστημών  |b Τμήμα Επιστημών της Προσχολικής Αγωγής και του Εκπαιδευτικού Σχεδιασμού  |b Πρόγραμμα Μεταπτυχιακών Σπουδών Περιβαλλοντική Εκπαίδευση. 
852 |a INST  |b RHODES  |c DIATR  |e 20140210  |h 333.72 ΚΑΜ  |p 005400036138  |q 005400036138  |t MTXE  |y 23 
852 |a INST  |b RHODES  |c DIATR  |e 20140210  |h 333.72 ΚΑΜ  |p 005400036139  |q 005400036139  |t MTXE  |y 23 
856 |u http://hdl.handle.net/11610/15786 
901 |a BIBL4-2014-1 
909 |a Ρ  |b 182644 
909 |a Ρ  |b 182645 
924 |a ΚΑΜΠΕΡΟΥ  |b ΠΑΝΑΓΙΩΤΑ  |y ΡΟΔΟΣ  |z 2013-10 
970 |z 2014/02/10